An Nam chí lược

Giới thiêụ bộ sách An Nam chí lược 20 quyển gồm các tư liệu phản ánh lịch sử Việt Nam cũng như Trung Quốc từ thế kỉ XIV trở về trước: Nước Nam thời giao chỉ đến thời nhà Trần, địa lí, phong tục, chiến tranh giữa Việt Nam và Trung Hoa, các cuộc xâm lược nước ta trước nhà Nguyên.....

Descrizione completa

Salvato in:
Dettagli Bibliografici
Autore principale: Lê Tắc
Natura: Libro
Lingua:Vietnamese
Pubblicazione: H. Nxb. Thuận Hoá 2002
Huế Trung tâm Văn hoá Ngôn ngữ Đông Tây
Serie:Tủ sách văn học lịch sử
Soggetti:
Tags: Aggiungi Tag
Nessun Tag, puoi essere il primo ad aggiungerne! !
Thư viện lưu trữ: Mạng thư viện Đại học Đà Nẵng
LEADER 01676nam a22004218a 4500
001 000005676
003 1823
005 20120322090337.0
008 110819s2002 b 000 0 vieod
020 |c 108000đ  |d 1000b 
041 0 |a vie 
080 |a 9(V)11/12 
082 |a 959.702  |b LÊ-T 
084 |a P3(1)2/4  |b A105N 
100 1 |a Lê Tắc 
245 1 0 |a An Nam chí lược  |c Lê Tắc 
260 |a H. 
260 |b Nxb. Thuận Hoá  |c 2002 
260 |a Huế  |b Trung tâm Văn hoá Ngôn ngữ Đông Tây 
300 |a 581tr  |c 24cm 
490 |a Tủ sách văn học lịch sử 
500 |a Chính văn bằng hai thứ tiếng: Việt - Trung Quốc 
520 |a Giới thiêụ bộ sách An Nam chí lược 20 quyển gồm các tư liệu phản ánh lịch sử Việt Nam cũng như Trung Quốc từ thế kỉ XIV trở về trước: Nước Nam thời giao chỉ đến thời nhà Trần, địa lí, phong tục, chiến tranh giữa Việt Nam và Trung Hoa, các cuộc xâm lược nước ta trước nhà Nguyên.. 
653 |a Lịch sử 
653 |a Trung Quốc 
653 |a Việt Nam 
653 |a Lịch sử cổ đại 
653 |a Lịch sử trung đại 
OWN |a LSP 
AVA |a UDN50  |b LSP  |d 959.702 LÊ-T  |e available  |t Error 5001 Not defined in file expand_doc_bib_avail.  |f 5  |g 0  |h N  |i 0  |k 1 
999 |a From the UDN01 
AVA |a UDN50  |b LSP  |d 959.702 LÊ-T  |e available  |t Error 5001 Not defined in file expand_doc_bib_avail.  |f 5  |g 0  |h N  |i 0  |k 1 
TYP |a Monograph 
TYP |a Printed language 
980 |a Mạng thư viện Đại học Đà Nẵng